Score 0/9 Timer 01:30
3 Plays Today
Hint Answer % Correct
Three Little Pigs' Building MaterialsBricks
98.2%
Three Little Pigs' Building MaterialsStraw
94.8%
Goldilocks Porridge
Statuses
Too hot
91.3%
Goldilocks Porridge
Statuses
Just right
91.3%
Goldilocks Porridge
Statuses
Too cold
91.2%
Three Little Pigs' Building MaterialsSticks
82.3%
Peter Rabbit's
Sisters
Flopsy
58.2%
Peter Rabbit's
Sisters
Mopsy
57.7%
Peter Rabbit's
Sisters
Cottontail
52.2%
Remove Ads.
Support Sporcle.
Get the best of Sporcle when you Go Orange. This ad-free experience offers more features, more stats, and more fun while also helping to support Sporcle. Thank you for becoming a member.

You're not logged in!

Compare scores with friends on all Sporcle quizzes.
OR
Log In

Show Comments

Extras

Top Quizzes Today


Score Distribution

Your Account Isn't Verified!

In order to create a playlist on Sporcle, you need to verify the email address you used during registration. Go to your Sporcle Settings to finish the process.

Report this User

Report this user for behavior that violates our Community Guidelines.

Details: